Catálogo
 En Linea

Cariforum : (Registro nro. 14128)

Detalles MARC
000 -CABECERA
campo de control de longitud fija 01085nas a2200289 a 4500
001 - NÚMERO DE CONTROL
campo de control 000014541
003 - IDENTIFICADOR DEL NÚMERO DE CONTROL
campo de control DLC
005 - FECHA Y HORA DE LA ÚLTIMA TRANSACCIÓN
campo de control 20240902093158.0
008 - DATOS DE LONGITUD FIJA--INFORMACIÓN GENERAL
campo de control de longitud fija 100113c20009999dr qr1p 0 0spa d
022 ## - NÚMERO INTERNACIONAL NORMALIZADO PARA PUBLICACIONES SERIADAS
Número Internacional Normalizado para Publicaciones Seriadas 1683-2558
040 ## - FUENTE DE LA CATALOGACIÓN
Centro catalogador/agencia de origen DO-SdBNP
Lengua de catalogación spa
Centro/agencia transcriptor DO-SdBNP
043 ## - CÓDIGO DE ÁREA GEOGRÁFICA
Código de área geográfica nwdr
245 00 - MENCIÓN DE TÍTULO
Título Cariforum :
Resto del título revista cultural del Caribe.
260 ## - PUBLICACIÓN, DISTRIBUCIÓN, ETC.
Lugar de publicación, distribución, etc. Santo Domingo :
Nombre del editor, distribuidor, etc. Cariforum ( Foro Caribeño de Africa, Caribe y los Estados del Pacífico),
Fecha de publicación, distribución, etc. 2000.
300 ## - DESCRIPCIÓN FÍSICA
Extensión v. :
Otras características físicas il. ;
Dimensiones 27-31 cm.
310 ## - PERIODICIDAD ACTUAL
Periodicidad actual Trimestral
362 0# - FECHAS DE PUBLICACIÓN Y/O DESIGNACIÓN SECUENCIAL
Fecha de publicación y/o designación secuencial No. 1, ( ene. 2000)
500 ## - NOTA GENERAL
Nota general El ISSN fue tomado del no. 8 (2002)
500 ## - NOTA GENERAL
Nota general Título tomado de la cubierta.
500 ## - NOTA GENERAL
Nota general Texto en inglés, francés y español.
650 #4 - PUNTO DE ACCESO ADICIONAL DE MATERIA--TÉRMINO DE MATERIA
Término de materia o nombre geográfico como elemento de entrada Publicaciones periódicas
9 (RLIN) 32712
650 #4 - PUNTO DE ACCESO ADICIONAL DE MATERIA--TÉRMINO DE MATERIA
Término de materia o nombre geográfico como elemento de entrada Área del caribe
Término de materia que sigue a un nombre geográfico como elemento de entrada CIVILIZACIÓN
Subdivisión de forma PUBLICACIONES PERIÓDICAS
9 (RLIN) 32919
650 #4 - PUNTO DE ACCESO ADICIONAL DE MATERIA--TÉRMINO DE MATERIA
Término de materia o nombre geográfico como elemento de entrada Área del caribe
Subdivisión general Vida intelectual
Subdivisión de forma PUBLICACIONES PERIÓDICAS
9 (RLIN) 32920
650 #4 - PUNTO DE ACCESO ADICIONAL DE MATERIA--TÉRMINO DE MATERIA
Término de materia o nombre geográfico como elemento de entrada Área del caribe
Subdivisión de forma PUBLICACIONES PERIÓDICAS
9 (RLIN) 32921
710 2# - PUNTO DE ACCESO ADICIONAL--NOMBRE DE ENTIDAD CORPORATIVA
Nombre de entidad corporativa o nombre de jurisdicción como elemento de entrada Foro Caribeño de Africa, Caribe y los Estados del Pacífico
9 (RLIN) 32922
942 ## - ELEMENTOS DE PUNTO DE ACCESO ADICIONAL (KOHA)
Fuente del sistema de clasificación o colocación Dewey Decimal Classification
Tipo de ítem Koha Publicación periódica

No hay ítems disponibles.

Con tecnología Koha